[Event "Balmaceda Segura Memorial op"]
[Site "Santa Barbara de Heredia"]
[Date "2022.05.21"]
[Round "1"]
[White "Jimenez Sancho, Pedro Pablo"]
[Black "Chaves Solera, Milton"]
[Result "1-0"]
[WhiteElo "1837"]
[BlackElo "1523"]
[PlyCount "65"]
[EventDate "2022.05.21"]
[EventType "swiss"]
[EventRounds "6"]
[EventCountry "CRI"]
[SourceTitle "EXT 2024"]
[Source "ChessBase"]
[SourceDate "2023.10.10"]
[SourceVersion "1"]
[SourceVersionDate "2023.10.10"]
[SourceQuality "1"]

1. e4 c5 2. c3 Nc6 3. d4 cxd4 4. cxd4 g6 5. d5 Nb8 6. Qd4 f6 7. Nc3 b6 8. Nf3 Bb7 9. Be3 e5 10. Nxe5 Bc5 11. Qd2 Bxe3 12. Qxe3 fxe5 13. Bc4 d6 14. 0-0 Nf6 15. Qh6 Qe7 16. Be2 Ba6 17. Rac1 Bxe2 18. Nxe2 Nbd7 19. f3 Qf8 20. Qd2 Ke7 21. Rc6 Rc8 22. Rfc1 Rxc6 23. Rxc6 Qa8 24. Qc1 a5 25. Qh6 Kf7 26. Nc3 Ng8 27. Qh3 Ngf6 28. Nb5 Kg7 29. Nxd6 Qa6 30. Rc7 Rd8 31. Qe6 Kh6 32. Nf7+ Kh5 33. Qh3# 1-0